| 000 | 00685nam a2200217Ia 4500 | ||
|---|---|---|---|
| 003 | GCL | ||
| 008 | 140319s9999 xx 000 0 ara d | ||
| 040 |
_aGCL / _cGCL |
||
| 082 | 0 | 4 |
_a711.409 _bا ت |
| 100 | 1 | _aاحمد خالد علام | |
| 245 | 1 | 0 |
_aتاريخ تخطيط المدن / _cاحمد خالد علام |
| 700 | 1 | _aمحمد احمد عبدالله | |
| 250 | _aالاولى | ||
| 260 |
_aالقاهرة : _bمكتبة الانجلوالمصرية ، _c1993 |
||
| 300 |
_a431 ص ؛ _c32 سم |
||
| 650 | 0 | 4 | _aالمدن |
| 650 | 0 | 4 | _aتخطيط المدن |
| 650 | 0 | 4 | _aالثورة الصناعية |
| 650 | 0 | 4 | _aتخطيط المدن - مصر |
| 942 |
_2ddc _cBK |
||
| 999 |
_c6049 _d6049 |
||